| 000 | 00371cam a22001217a 4500 | ||
|---|---|---|---|
| 008 | 180718b2005 xxu||||| |||| 00| 0 eng d | ||
| 020 | _a8178814897 | ||
| 245 |
_aSpirituality in the workplace _cedited by C. Vijaychandra Kumar and K. Sreenath |
||
| 260 |
_aHyderabad _bICFAI Univ. Press _c2005 |
||
| 300 | _a201p. | ||
| 700 | _aSreenath, K. | ||
| 700 | _aC. Vijaychandra Kumar | ||
| 999 |
_c404856 _d404856 |
||